000 00265nam a22001097a 4500
008 170105b xxu||||| |||| 00| 0 eng d
020 _a9780397550586
041 _aeng
080 _a618.2
245 _aLIPPINCOT'S REVIEW FOR NCLEX-RN
_cBILLINGS, D.M
942 _2udc
_cBK
999 _c2552
_d2552